000 00780nam a2200265Ia 4500
001 21637
005 20260320113300.0
008 260320s9999||||xx |||||||||||||| ||und||
020 _a9788413825823
041 _aESP
082 _a572
_bB119
100 _aBaynes, John W.,
_eAUT
245 0 _aBioquímica médica
_b
246 _a
_5
_b
250 _aSexta edición
260 _aBarcelona :
_bElsevier,
_c2024
300 _axxiv, 719 páginas :
_bfiguras, tablas ;
_c28 cm.
_e
440 _a
_n
_v
650 _aTCA
653 _aBioquímica; Bioquímica médica
654 _aCCS
700 _aDominixzak, Marek H.,
_cAUT
856 _uhttps://accessmedicina-mhmedical-com.ucsp.lookproxy.com/
_zVéase además: Base de datos AccessMedicina
942 _cLIB
_dJUS
_fTRC
_2ddc
_n
999 _c21637
_d21637